| 000 | 00371nam a2200145Ia 4500 | ||
|---|---|---|---|
| 008 | 150201s2003 xx 000 0 und d | ||
| 082 |
_a617.695 _bD2003B |
||
| 100 | _aPRASANTA K.BASU | ||
| 245 | _aDENTAL MATERIALS SCIENCE | ||
| 250 | _a4TH | ||
| 260 |
_bCURRENT BOOKS INTERNATIONAL _aKOLKATA _c2003 |
||
| 300 | _a1-367 | ||
| 650 | _aDENTAL MATERIAL | ||
| 942 |
_2ddc _cBK _02 |
||
| 999 |
_c2576 _d2576 |
||